00309nam a2200109Ia 4500008004000000020001800040082001300058100001700071245004400088260005600132300001100188210210b1986 xxu||||| |||| 00| 0 eng d a81 208 0073 7 a305 MALD aMALIK (S C). aDeterminants of social status in India. aShimla.bIndian Institute Of Advanced Study.,c1986 axi,192